Top 15 Celebrities Born In 1969 - Statistics

General Stats
  • This quiz has been taken 257 times
    216 since last reset
  • The average score is 9 of 15
Answer Stats
Picture Answer % Correct
Jennifer Aniston
93%
Mariah Carey
89%
Jennifer Lopez
87%
Jay-Z
85%
Jack Black
83%
Ice Cube
70%
Paul Rudd
66%
Marilyn Manson
60%
Matthew Perry
60%
Matthew McConaughey
55%
Catherine Zeta-Jones
54%
Gwen Stefani
54%
Jason Bateman
32%
Renee Zellweger
24%
Verne Troyer
19%
No matching quizzes found
Score Distribution
Percent of People with Each Score
Percentile by Number Answered
Your Score History
You have not taken this quiz since the last reset